Principles of corporation finance
| Main Author: | |
|---|---|
| Other Authors: | |
| Format: | Book |
| Published: |
New York St. Louis :
McGraw Hill ,
c1981
|
| Subjects: |
MARC
| LEADER | 00000cam a2200000 7i4500 | ||
|---|---|---|---|
| 001 | 0000000169 | ||
| 005 | 20050622.0 | ||
| 020 | |a 0070073805 | ||
| 040 | |a INS | ||
| 090 | 0 | 0 | |a HG4011. |b B684 1981 |
| 100 | 1 | |a Brealey, Richard A. | |
| 245 | 1 | 0 | |a Principles of corporation finance |c Richard A. Brealey |
| 260 | |a New York St. Louis : |b McGraw Hill , |c c1981 | ||
| 300 | |a xxiip : |b 794p ; |c 24 cm. | ||
| 500 | |a Includes index | ||
| 650 | 0 | 0 | |a Corporations |x Finance |
| 700 | 1 | |a Myers, Stewart C. | |
| 999 | |a 0000002121 |b BOOK |c Open Shelf |e Default branch | ||